LEADER 00703nam a22001817a 4500
082 |a 894.M3  |b GOP/H H6 
100 |a പയ്യംപെള്ളില്‍ ഗോപാലപിള്ള;  |9 477 
100 |a Payyampellil Gopala Pillai  |9 113 
240 |a Harini 
245 |a ഹരിണി 
250 |a 1st 
260 |a Kottayam;  |b National Book Stall;  |c 1946 
300 |a 115p. 
650 |a മലയാളം; മലയാളം നോവല്‍  |9 3 
650 |a Malayalam; Malayalam Novel  |9 478 
942 |c BK 
999 |c 30468  |d 30468 
952 |0 0  |1 0  |4 0  |6 894_000000000000000_M3_GOP_H_H6  |7 0  |8 FIC  |9 33260  |a MAL  |b MAL  |c STAFF  |d 2015-04-27  |e 15687  |g 1.75  |l 0  |o 894.M3 GOP/H H6  |p MAL015687  |r 2015-04-27  |t 1  |w 2015-04-27  |y BK